Score 0/18 Timer 04:00
0 Plays Today
Scrambled Nickname Unscrambled Nickname % Correct
AHALOALOHA
94.7%
STRIFFIRST
93.1%
DOL NEILOLD LINE
90.6%
THORN RATSNORTH STAR
88.8%
NOTUM RUMORSHEMOUNT RUSHMORE
88%
EARTH FO XIIEDHEART OF DIXIE
82.6%
CUBEKEYBUCKEYE
76.5%
RIPEMEEMPIRE
74.2%
LONGEDGOLDEN
73%
Scrambled Nickname Unscrambled Nickname % Correct
OOHRISEHOOSIER
72.9%
SLAT FIRETORNLAST FRONTIER
71.7%
EVEBIHEBEEHIVE
69.7%
SEEKTONYKEYSTONE
55.8%
GARBLESUSBLUEGRASS
52.4%
TANGIERGRANITE
43.4%
REREVENGEEVERGREEN
42.7%
AQUIETLYEQUALITY
25.3%
AUSTERERTREASURE
12.2%

You're not logged in!

Compare scores with friends on all Sporcle quizzes.
OR
Log In

Sporcle TV

Today on Sporcle TV


Watch our educational content, quiz creation guides, and fun videos on Sporcle TV.

Show Comments

Extras

Top Quizzes Today


Score Distribution

Your Account Isn't Verified!

In order to create a playlist on Sporcle, you need to verify the email address you used during registration. Go to your Sporcle Settings to finish the process.

Report this User

Report this user for behavior that violates our Community Guidelines.

Details: